[Event "Glorney and Faber Cup"]
[Site "Dublin IRL"]
[Date "2000.07.27"]
[EventDate "2000.07.24"]
[Round "5"]
[Result "1-0"]
[White "Sophie Milliet"]
[Black "Melanie H Buckley"]
[WhiteElo "2131"]
[BlackElo "2124"]
[PlyCount "97"]

1. e4 e6 2. d4 d5 3. e5 c5 4. c3 Nc6 5. Nf3 Qb6 6. a3 c4
7. Nbd2 Na5 8. Be2 Bd7 9. O-O Ne7 10. Rb1 Nc8 11. Ne1 Qc7
12. Bh5 g6 13. Bg4 h5 14. Bh3 Nb6 15. Ndf3 Ba4 16. Qe2 Nb3
17. Bg5 Be7 18. Nc2 Nc8 19. Ne3 Qd8 20. Bxe7 Qxe7 21. Nd2 Nxd2
22. Qxd2 a5 23. f4 Na7 24. f5 gxf5 25. Bxf5 Nc6 26. Bh3 b5
27. Rf6 Nd8 28. Rbf1 b4 29. Qf2 bxa3 30. bxa3 Rb8 31. Qf3 Bc6
32. g4 Rb3 33. Ng2 hxg4 34. Bxg4 Kd7 35. Nf4 Kc7 36. Ne2 Rxa3
37. Qg3 Rb3 38. h4 a4 39. Nf4 a3 40. Bxe6 fxe6 41. Nxe6+ Kb6
42. Nf4 a2 43. Nxd5+ Kb5 44. Nxe7 Rb1 45. e6 a1=Q 46. Qb8+ Bb7
47. R6f3 Ka6 48. Qd6+ Nc6 49. Nxc6 1-0

[Event "FRA-ch (Women)"]
[Site "Vichy"]
[Date "2000.08.16"]
[EventDate "?"]
[Round "1"]
[Result "1-0"]
[White "Aurelie Dacalor"]
[Black "Sophie Milliet"]
[WhiteElo "2041"]
[BlackElo "2366"]
[PlyCount "105"]

1.d4 Nf6 2.c4 c5 3.d5 e5 4.Bg5 d6 5.Nc3 Nbd7 6.e3 Be7 7.Qc2 a6
8.Bxf6 Nxf6 9.Bd3 Bd7 10.Rd1 O-O 11.Nge2 g6 12.f3 Nh5 13.g4
Ng7 14.Ng3 b5 15.cxb5 axb5 16.Bxb5 Bxb5 17.Nxb5 Rxa2 18.Nc3
Ra7 19.O-O f5 20.h3 Qb6 21.Kg2 Bh4 22.f4 e4 23.Qe2 Rb8 24.Rd2
Qb3 25.gxf5 Bxg3 26.fxg6 Nf5 27.gxh7+ Kh8 28.Rh1 Rg7 29.Kf1
Bh4 30.Qa6 Ng3+ 31.Kg2 Nxh1+ 32.Kxh1 Qb6 33.Qc4 Qa5 34.Qxe4
Qa1+ 35.Rd1 Qxb2 36.Rb1 Bf2 37.Rxb2 Rg1+ 38.Kh2 Rxb2 39.Nd1
Rxd1 40.Qe8+ Kxh7 41.Qh5+ Kg7 42.Qxd1 Bxe3+ 43.Kg3 Bf2+ 44.Kg4
Bd4 45.Qd3 Bf6 46.Kf5 Rg2 47.Ke6 Bd4 48.Kxd6 Rg6+ 49.Kc7 Kf6
50.d6 Rg7+ 51.d7 Ke6 52.Qe4+ Kf6 53.Kc8 1-0

[Event "Faber Cup"]
[Site "Hyerois FRA"]
[Date "2001.07.11"]
[EventDate "2001.07.08"]
[Round "5"]
[Result "1/2-1/2"]
[White "Marlies Bensdorp"]
[Black "Sophie Milliet"]
[WhiteElo "2047"]
[BlackElo "2113"]
[PlyCount "118"]

1. d4 Nf6 2. c4 c5 3. d5 e5 4. Nc3 d6 5. e4 Be7 6. Bd3 Nbd7
7. Nf3 a6 8. Qe2 Nf8 9. h3 h5 10. h4 Ng6 11. Nd1 Bg4 12. g3
Rb8 13. a4 Qd7 14. Ne3 O-O 15. Nxg4 Nxg4 16. Bg5 Rfc8 17. b3
Bd8 18. Kf1 Ba5 19. Rc1 Rf8 20. Nh2 f6 21. Nxg4 fxg5 22. Ne3
g4 23. Kg2 Rf6 24. Rhf1 Rbf8 25. Nd1 Qf7 26. Qc2 Ne7 27. Be2
g6 28. Qd3 Kg7 29. Rc2 Bb4 30. f4 gxf3+ 31. Rxf3 Ng8 32. Nf2
Be1 33. Nh3 Rxf3 34. Bxf3 Qf6 35. Re2 Bb4 36. Rf2 Qe7 37. Ng5
Rf6 38. Qe3 Nh6 39. Ne6+ Kh7 40. Rf1 Ba3 41. Qg5 Nf7 42. Qd2
Bb4 43. Qd3 Nd8 44. Ng5+ Kg7 45. Rh1 Ba3 46. Qe2 Bb4 47. Qc2
Ba5 48. Rf1 Bb4 49. Kh2 Qf8 50. Qd3 Ba5 51. Bg2 Rxf1 52. Qxf1
Qxf1 53. Bxf1 Bd2 54. Nf3 Be3 55. Bh3 Kf6 56. Kg2 b6 57. Kf1
Nb7 58. Ke2 Bc1 59. Kd3 a5 1/2-1/2

[Event "WYG18"]
[Site "Oropesa del Mar ESP"]
[Date "2001.10.22"]
[EventDate "2001.10.06"]
[Round "2"]
[Result "1-0"]
[White "Sophie Milliet"]
[Black "Arianne Caoili"]
[WhiteElo "2136"]
[BlackElo "2257"]
[PlyCount "79"]

1. e4 c5 2. Nc3 e6 3. f4 d5 4. Nf3 dxe4 5. Nxe4 Nc6 6. Bb5 Bd7
7. O-O Be7 8. d3 Nf6 9. Qe2 O-O 10. Kh1 b6 11. Bd2 a6 12. Bxc6
Bxc6 13. Rae1 Qc7 14. Ne5 Bb7 15. Nxf6+ Bxf6 16. Qg4 Rad8
17. Bc3 b5 18. b3 Bd5 19. Re3 g6 20. Rh3 a5 21. Ba1 Qe7
22. Re1 Bg7 23. c4 bxc4 24. dxc4 Bb7 25. Bc3 Rd6 26. Qe2 Ra8
27. Qf2 a4 28. b4 Rdd8 29. bxc5 Rac8 30. Bb4 Bf8 31. a3 Qc7
32. Ng4 Bg7 33. Qh4 h5 34. Nf6+ Bxf6 35. Qxf6 Qc6 36. Rg3 h4
37. Bc3 e5 38. Qxe5 f6 39. Rxg6+ Kh7 40. Qh5+ 1-0

[Event "WYG18"]
[Site "Oropesa del Mar ESP"]
[Date "2001.10.24"]
[EventDate "2001.10.06"]
[Round "4"]
[Result "1/2-1/2"]
[White "Sophie Milliet"]
[Black "Heather S Richards"]
[WhiteElo "2136"]
[BlackElo "2212"]
[PlyCount "80"]

1. e4 e6 2. d4 d5 3. e5 c5 4. c3 Nc6 5. Nf3 Bd7 6. Be2 Nge7
7. Na3 Ng6 8. Nc2 Be7 9. g3 O-O 10. h4 cxd4 11. cxd4 f6
12. Bd3 Be8 13. h5 Nh8 14. Bf4 Qb6 15. Rb1 fxe5 16. dxe5 Nb4
17. Nxb4 Bxb4+ 18. Kf1 Bb5 19. Kg2 Bxd3 20. Qxd3 Rf5 21. Nd4
Rf7 22. Rbc1 Raf8 23. Rc2 g6 24. Bh6 Re8 25. Bg5 Be7 26. Be3
Bc5 27. Rxc5 Qxc5 28. Nf5 Qc4 29. Nh6+ Kf8 30. Qxc4 dxc4
31. Nxf7 Nxf7 32. hxg6 hxg6 33. Bxa7 Nxe5 34. Rh8+ Ke7
35. Rh7+ Nf7 36. Bc5+ Kf6 37. Rh4 b5 38. Rf4+ Kg7 39. Re4 Kf6
40. Rf4+ Kg7 1/2-1/2

[Event "WYG18"]
[Site "Oropesa del Mar ESP"]
[Date "2001.10.25"]
[EventDate "2001.10.06"]
[Round "5"]
[Result "0-1"]
[White "Sophie Milliet"]
[Black "Sopio Gvetadze"]
[WhiteElo "2136"]
[BlackElo "2252"]
[PlyCount "58"]

1. e4 c5 2. Nc3 Nc6 3. f4 g6 4. Nf3 Bg7 5. Bb5 d6 6. Bxc6+
bxc6 7. d3 Nf6 8. O-O O-O 9. Qe1 Ba6 10. Qh4 Nd7 11. f5 e5
12. Bg5 f6 13. fxg6 hxg6 14. Be3 Qe8 15. Qg4 c4 16. Nh4 cxd3
17. Nxg6 Rf7 18. Rf3 dxc2 19. Rh3 f5 20. Qh4 Nf8 21. Nxf8 Kxf8
22. exf5 Rxf5 23. Ne4 Qe7 24. Bg5 Qe6 25. Ng3 Rf7 26. Nh5 Qd5
27. Re1 Qc5+ 28. Be3 c1=Q 29. Bxc5 Rf1+ 0-1

[Event "WYG18"]
[Site "Oropesa del Mar ESP"]
[Date "2001.10.26"]
[EventDate "2001.10.06"]
[Round "6"]
[Result "1/2-1/2"]
[White "Bayanmunkh Ankhchimeg"]
[Black "Sophie Milliet"]
[WhiteElo "2194"]
[BlackElo "2136"]
[PlyCount "125"]

1. e4 e5 2. Nf3 Nf6 3. Nxe5 d6 4. Nf3 Nxe4 5. d4 d5 6. Bd3 Nc6
7. O-O Be7 8. h3 O-O 9. Re1 Bf5 10. c3 Bd6 11. Qc2 Bg6
12. Nbd2 f5 13. Qb3 Kh8 14. Qxb7 Qf6 15. Qb3 Bf7 16. Nf1 g5
17. N3h2 Rg8 18. f3 Ng3 19. Qc2 Ne7 20. Be3 Be6 21. Nxg3 Bxg3
22. Bf2 Bd6 23. Qe2 Bd7 24. c4 Rg7 25. c5 Bf4 26. g3 g4
27. fxg4 fxg4 28. Nxg4 Bxg4 29. hxg4 Bh6 30. Qe6 Qg5 31. Bf5
Nxf5 32. Qxf5 Qxg4 33. Qxg4 Rxg4 34. Rad1 Bg7 35. Re7 Rc8
36. Kg2 Kg8 37. Be3 a5 38. Bf4 c6 39. Ra7 Rf8 40. Kh3 Rg6
41. Rxa5 Bh6 42. Bxh6 Rxh6+ 43. Kg2 Re6 44. Rd2 Re3 45. Ra3
Rxa3 46. bxa3 Ra8 47. Rd3 Kf7 48. Kf3 Ke6 49. Re3+ Kf6 50. Kf4
Ra4 51. Rd3 h5 52. g4 hxg4 53. Kxg4 Rc4 54. Kf4 Rc2 55. Rh3
Rf2+ 56. Ke3 Rxa2 57. Rh6+ Kf5 58. Rxc6 Rxa3+ 59. Ke2 Ke4
60. Rc8 Ra2+ 61. Ke1 Kxd4 62. c6 Rc2 63. c7 1/2-1/2

[Event "WYG18"]
[Site "Oropesa del Mar ESP"]
[Date "2001.10.28"]
[EventDate "2001.10.06"]
[Round "7"]
[Result "1/2-1/2"]
[White "Sophie Milliet"]
[Black "Cristina-Oana Miron"]
[WhiteElo "2136"]
[BlackElo "2162"]
[PlyCount "81"]

1. Nf3 f5 2. d3 Nf6 3. e4 fxe4 4. dxe4 Nxe4 5. Bd3 d5 6. Bxe4
dxe4 7. Qxd8+ Kxd8 8. Ng5 Ke8 9. Nc3 Bf5 10. Ngxe4 e6 11. Bf4
Na6 12. O-O-O Be7 13. Rhe1 Rd8 14. Rxd8+ Bxd8 15. Ng3 Kf7
16. Nb5 g5 17. Be5 Bf6 18. Bxc7 Nxc7 19. Nxc7 Bxc2 20. Kxc2
Rc8 21. f3 Rxc7+ 22. Kb1 Rc6 23. Ne4 Be7 24. Rc1 Rxc1+
25. Kxc1 e5 26. Kd2 Ke6 27. Kd3 b5 28. Nc3 a6 29. Ke4 Bc5
30. Nd5 Bd6 31. Ne3 Bc5 32. Nf5 Bf8 33. g4 Bb4 34. Ne3 Bc5
35. Nd5 Bd6 36. a3 a5 37. Ne3 Bc7 38. Nf5 Bb6 39. Ng7+ Kf7
40. Nf5 Ke6 41. Ng7+ 1/2-1/2

[Event "WYG18"]
[Site "Oropesa del Mar ESP"]
[Date "2001.10.30"]
[EventDate "2001.10.06"]
[Round "9"]
[Result "1-0"]
[White "Sophie Milliet"]
[Black "Maria Szymanska"]
[WhiteElo "2136"]
[BlackElo "2170"]
[PlyCount "75"]

1. e4 e6 2. d4 d5 3. e5 c5 4. c3 Qb6 5. Nf3 Nc6 6. a3 Bd7
7. b4 cxd4 8. cxd4 Rc8 9. Bb2 Na5 10. Nbd2 Nc4 11. Nxc4 dxc4
12. Rc1 a5 13. Nd2 axb4 14. Nxc4 Qd8 15. a4 Bc6 16. a5 Nh6
17. Nb6 Rb8 18. Be2 Nf5 19. O-O Be7 20. Bf3 Bb5 21. Re1 O-O
22. d5 exd5 23. Bxd5 Bg5 24. Rc5 Bd7 25. Nxd7 Qxd7 26. e6 Qd6
27. exf7+ Kh8 28. Rb5 Rbd8 29. Qf3 Ne7 30. Bc4 Qd2 31. Rb1 Nc6
32. Qg4 Bh6 33. Rh5 Rd6 34. Qe4 Nd4 35. Qe7 Rdd8 36. Bxd4 Qxd4
37. Rd5 Qf6 38. Qxb4 1-0

[Event "WYG18"]
[Site "Oropesa del Mar ESP"]
[Date "2001.11.02"]
[EventDate "2001.10.06"]
[Round "11"]
[Result "1/2-1/2"]
[White "Sophie Milliet"]
[Black "Marany Meyer"]
[WhiteElo "2136"]
[BlackElo "2101"]
[PlyCount "130"]

1. e4 e6 2. d4 d5 3. e5 c5 4. c3 Qb6 5. Nf3 Nc6 6. a3 c4
7. Nbd2 f6 8. g3 fxe5 9. Nxe5 Nxe5 10. dxe5 Bc5 11. Qh5+ g6
12. Qe2 Ne7 13. Bg2 Bd7 14. O-O Ba4 15. Nf3 O-O-O 16. Bg5 h6
17. Bf6 Rh7 18. Bh3 Rf8 19. Nh4 g5 20. Bxe7 Bxe7 21. Ng6 Rff7
22. Nxe7+ Rxe7 23. Qd2 Kb8 24. Kh1 Bd7 25. f4 Rhg7 26. fxg5
hxg5 27. Rf8+ Re8 28. Raf1 Qd8 29. Qf2 g4 30. Bg2 Rxf8
31. Qxf8 Qxf8 32. Rxf8+ Kc7 33. Bf1 Rg5 34. Be2 Rxe5 35. Bxg4
Kd6 36. h4 Ke7 37. Rf2 Re4 38. Bf3 Re1+ 39. Kg2 Bc6 40. h5 Be8
41. g4 Re5 42. Kg3 Rg5 43. Kh4 Rg8 44. g5 Rh8 45. h6 Bg6
46. Bh5 Bf5 47. g6 Bxg6 48. Bxg6 Rxh6+ 49. Kg5 Rh1 50. Rf7+
Kd6 51. Rxb7 Rg1+ 52. Kf6 Rf1+ 53. Kg7 Rf2 54. Rxa7 Rxb2
55. Bf7 Rb3 56. Ra6+ Kc5 57. Bxe6 Rxc3 58. Ra5+ Kb6 59. Rxd5
Rxa3 60. Kf6 c3 61. Bf5 Kc6 62. Be4 Kb6 63. Ke6 Ra5 64. Rd8
Kc5 65. Rd5+ Kb4 1/2-1/2

[Event "FRA-ch (Women)"]
[Site "Val d'Isere"]
[Date "2002.08.19"]
[EventDate "?"]
[Round "7"]
[Result "1-0"]
[White "Sophie Milliet"]
[Black "Aurelie Dacalor"]
[WhiteElo "2366"]
[BlackElo "2041"]
[PlyCount "73"]

1.e4 e6 2.d4 d5 3.e5 c5 4.c3 Nc6 5.Nf3 Bd7 6.Be2 Qc7 7.O-O
Nge7 8.Bf4 cxd4 9.cxd4 f6 10.Bg3 Qb6 11.exf6 gxf6 12.Bd3 Nb4
13.Re1 Nxd3 14.Qxd3 Bg7 15.Nc3 O-O 16.Ne2 Ng6 17.h4 Ne7 18.Nf4
Rac8 19.Qe2 Rc6 20.Rac1 Rfc8 21.Rxc6 Rxc6 22.Bh2 Ng6 23.Nd3
Bc8 24.Qe3 Qd8 25.h5 Ne7 26.Nh4 Qf8 27.Bf4 h6 28.Qg3 Kh8
29.Bd6 Rxd6 30.Qxd6 Kh7 31.Rc1 Nc6 32.Qxf8 Bxf8 33.b4 Bd6
34.b5 Ne7 35.Ng6 Bd7 36.Nxe7 Bxb5 37.Nc8 1-0

[Event "EU-ch 4th, Women"]
[Site "Istanbul, Turkey"]
[Date "2003.06.03"]
[EventDate "2003.06.02"]
[Round "2"]
[Result "0-1"]
[White "Sophie Milliet"]
[Black "Cristina-Adela Foisor"]
[WhiteElo "2240"]
[BlackElo "2395"]
[PlyCount "204"]

1. e4 g6 2. d4 Bg7 3. Nc3 d6 4. Be3 a6 5. f4 b5 6. Be2 b4
7. Nb1 Bb7 8. Bf3 Nf6 9. Qd3 Nbd7 10. Nd2 Qc8 11. Ne2 O-O
12. g4 c5 13. g5 Ne8 14. c3 a5 15. Rc1 Ba6 16. Qc2 bxc3
17. bxc3 Ra7 18. d5 Bxe2 19. Bxe2 Nc7 20. h4 e6 21. dxe6 fxe6
22. h5 Rf7 23. hxg6 hxg6 24. Bd3 Nf8 25. Nc4 Ne8 26. e5 dxe5
27. fxe5 Rf5 28. Bxf5 exf5 29. Qb3 Ne6 30. Rb1 Qc6 31. Rh2 Re7
32. Re2 Qh1+ 33. Kd2 Qd5+ 34. Kc1 f4 35. Bf2 Qg2 36. Nxa5 N8c7
37. Rd2 Re8 38. Bxc5 Qxg5 39. Nc6 f3 40. Kc2 Bxe5 41. Nxe5
Qxe5 42. Bd6 Qf5+ 43. Kb2 Qf7 44. Bxc7 Qxc7 45. Rbd1 Rb8
46. Rd8+ Rxd8 47. Qxe6+ Kg7 48. Rxd8 Qxd8 49. Qe5+ Qf6
50. Qc7+ Kg8 51. Qc8+ Qf8 52. Qc4+ Qf7 53. Qf1 f2 54. a4 g5
55. a5 g4 56. a6 g3 57. a7 Qb7+ 58. Kc1 Qxa7 59. Qc4+ Qf7
60. Qg4+ Kf8 61. Qb4+ Kg7 62. Qg4+ Qg6 63. Qd7+ Kh6 64. Qh3+
Qh5 65. Qe6+ Kg5 66. Qd5+ Kh6 67. Qe6+ Qg6 68. Qh3+ Kg7
69. Qd7+ Kf8 70. Qd8+ Qe8 71. Qf6+ Qf7 72. Qd8+ Kg7 73. Qg5+
Qg6 74. Qe7+ Kg8 75. Qd8+ Kh7 76. Qe7+ Qg7 77. Qe4+ Qg6
78. Qe7+ Kg8 79. Qd8+ Kf7 80. Qd7+ Kf6 81. Qd6+ Kf5 82. Qd3+
Kf4 83. Qxg6 f1=Q+ 84. Kb2 Qb5+ 85. Ka3 Qe5 86. Qh6+ Kf3
87. Qh1+ Kf2 88. Qc1 Qa5+ 89. Kb3 Qb5+ 90. Ka3 Qc5+ 91. Kb3
Qb6+ 92. Ka3 Qd6+ 93. Kb3 Qe6+ 94. Ka4 g2 95. Qf4+ Ke2 96. Qh2
Qc4+ 97. Ka3 Qxc3+ 98. Ka2 Qf3 99. Qe5+ Kf2 100. Qd4+ Qe3
101. Qf6+ Ke1 102. Qa1+ Ke2 0-1

[Event "Athens Acropolis WGM"]
[Site "President Hotel, Athens"]
[Date "2005.03.07"]
[EventDate "2005.03.06"]
[Round "2.4"]
[Result "1/2-1/2"]
[White "Ioulia Makka"]
[Black "Sophie Milliet"]
[WhiteElo "2239"]
[BlackElo "2309"]
[PlyCount "90"]

1. e4 c5 2. Nf3 Nc6 3. d4 cxd4 4. Nxd4 Qb6 5. Nb3 Nf6 6. Nc3
e6 7. Qe2 Bb4 8. Bd2 O-O 9. a3 Bxc3 10. Bxc3 e5 11. O-O-O Rd8
12. h3 d6 13. g4 Be6 14. g5 Ne8 15. Nd2 Rac8 16. Bg2 Nc7
17. Qe3 Qxe3 18. fxe3 Nb5 19. Nb1 Nxc3 20. Nxc3 Na5 21. Rd3
Nc4 22. b3 Na5 23. Kb2 Rc6 24. Rhd1 a6 25. Nd5 Kf8 26. Nb4 Rb6
27. Rc3 Nc6 28. Nd5 Bxd5 29. exd5 Ne7 30. Be4 a5 31. h4 g6
32. Rf1 Rb5 33. Rc7 Ke8 34. Bd3 Rb6 35. Be4 Rc8 36. Rxc8+ Nxc8
37. c4 Ra6 38. Rh1 Kf8 39. h5 Kg7 40. h6+ Kf8 41. Rf1 Ke7
42. Rf6 Ra8 43. Bg2 Rb8 44. Bh3 b6 45. Bxc8 Rxc8 1/2-1/2

[Event "Athens Acropolis WGM"]
[Site "President Hotel, Athens"]
[Date "2005.03.08"]
[EventDate "2005.03.06"]
[Round "3.5"]
[Result "0-1"]
[White "Sophie Milliet"]
[Black "Jana Krivec"]
[WhiteElo "2309"]
[BlackElo "2284"]
[PlyCount "64"]

1. e4 e5 2. Nf3 Nc6 3. Bb5 a6 4. Ba4 Nf6 5. O-O Be7 6. Re1 b5
7. Bb3 O-O 8. d3 d6 9. c3 Na5 10. Bc2 c5 11. Nbd2 Nd7 12. Nf1
Nb6 13. Ng3 Re8 14. h3 Nc6 15. d4 cxd4 16. cxd4 exd4 17. Nxd4
Nxd4 18. Qxd4 Bf6 19. Qd3 g6 20. Rb1 Bb7 21. b3 d5 22. Bf4 Rc8
23. e5 Bg7 24. Re2 Nd7 25. Rbe1 Nc5 26. Qd2 Ne6 27. Bb1 Qh4
28. Nf5 gxf5 29. Bg3 Qh5 30. f3 d4 31. Bf2 Bh6 32. Qb4 Nf4 0-1

[Event "Athens Acropolis WGM"]
[Site "President Hotel, Athens"]
[Date "2005.03.09"]
[EventDate "2005.03.06"]
[Round "4.7"]
[Result "1-0"]
[White "Sophie Milliet"]
[Black "Georgia Grapsa"]
[WhiteElo "2309"]
[BlackElo "2074"]
[PlyCount "105"]

1. e4 d6 2. d4 Nf6 3. Nc3 g6 4. Be3 c6 5. Bd3 Nbd7 6. Nf3 Qc7
7. O-O Bg7 8. Qd2 O-O 9. Bh6 e5 10. Bxg7 Kxg7 11. dxe5 dxe5
12. h3 a5 13. Ne2 Re8 14. Ng3 Nf8 15. Qc3 N6d7 16. a4 f6
17. Rad1 Nb6 18. b3 Be6 19. Rd2 Red8 20. Rfd1 Nc8 21. Be2 Ne7
22. Nf1 b6 23. Ne3 c5 24. Bb5 Rac8 25. Rd3 Rd4 26. Bc4 Rcd8
27. Bxe6 Nxe6 28. Nxd4 exd4 29. Qc4 Qe5 30. Nf1 Nf4 31. Rf3
Qxe4 32. Ng3 Qe5 33. Kf1 Ned5 34. Re1 Qg5 35. Kg1 h5 36. Qf1
f5 37. Ne2 Ne6 38. Nc1 Rd6 39. Qe2 Qf6 40. Qe5 Qxe5 41. Rxe5
Kf6 42. Re1 Ng5 43. Rd3 Nb4 44. Rd2 Ne4 45. Rde2 h4 46. Nd3
Nc3 47. Re8 Nxc2 48. Rf8+ Kg7 49. Ree8 g5 50. Ne5 g4 51. Rf7+
Kh6 52. Rxf5 Kg7 53. Rf7+ 1-0

[Event "Athens Acropolis WGM"]
[Site "President Hotel, Athens"]
[Date "2005.03.11"]
[EventDate "2005.03.06"]
[Round "6.5"]
[Result "1/2-1/2"]
[White "Anna Burtasova"]
[Black "Sophie Milliet"]
[WhiteElo "2232"]
[BlackElo "2309"]
[PlyCount "97"]

1. e4 d6 2. d4 Nf6 3. Bd3 e5 4. c3 d5 5. dxe5 Nxe4 6. Nf3 Nc6
7. O-O Bg4 8. Bf4 Be7 9. h3 Bh5 10. Bc2 O-O 11. Bb3 Bg5
12. Bh2 Ne7 13. g4 Bg6 14. h4 Bh6 15. h5 Qd7 16. e6 Qxe6
17. Nd4 Qd7 18. hxg6 fxg6 19. Qe2 Rf7 20. Bc2 Ng5 21. Nd2 Raf8
22. Bg3 c5 23. N4b3 b6 24. Rae1 Nc6 25. Nc1 c4 26. Ba4 a6
27. Bxc6 Qxc6 28. Kh2 Rf3 29. Nxf3 Nxf3+ 30. Kg2 Nxe1+
31. Rxe1 d4+ 32. Kg1 d3 33. Nxd3 cxd3 34. Qxd3 b5 35. Qe4 Qxe4
36. Rxe4 Bc1 37. b3 Kf7 38. c4 Rc8 39. Bd6 h5 40. gxh5 gxh5
41. cxb5 axb5 42. Re7+ Kg6 43. Rb7 Ra8 44. Rxb5 Rxa2 45. Rb7
Bb2 46. b4 Bd4 47. Bc5 Bxc5 48. bxc5 Rc2 49. Rc7 1/2-1/2

[Event "Athens Acropolis WGM"]
[Site "President Hotel, Athens"]
[Date "2005.03.12"]
[EventDate "2005.03.06"]
[Round "7.4"]
[Result "0-1"]
[White "Sophie Milliet"]
[Black "Inga Khurtsilava"]
[WhiteElo "2309"]
[BlackElo "2268"]
[PlyCount "160"]

1. e4 c6 2. d4 d5 3. e5 Bf5 4. Nf3 Bg4 5. h3 Bxf3 6. Qxf3 e6
7. Bd3 h5 8. h4 c5 9. dxc5 Bxc5 10. Qg3 g6 11. Nd2 Nc6 12. a3
Nh6 13. Nb3 Bb6 14. Bg5 Qc7 15. Bxh6 Rxh6 16. f4 Ne7 17. Qg5
Rh8 18. Bb5+ Kf8 19. O-O-O Nf5 20. Bd3 Ne3 21. Rde1 Ng4
22. Rhf1 Qe7 23. Qxe7+ Kxe7 24. Re2 Rac8 25. Kd2 Rc7 26. c3
Rhc8 27. Nd4 a6 28. Ree1 Ba7 29. a4 Rc5 30. Nb3 R5c7 31. Nd4
Rb8 32. Ra1 Nh6 33. Rae1 Kd7 34. Ra1 Ng8 35. Nf3 Ne7 36. Ng5
Ke8 37. Rh1 Nc6 38. a5 Bc5 39. g4 hxg4 40. h5 gxh5 41. Rxh5 g3
42. Rh8+ Ke7 43. Rh7 Rf8 44. Rg7 Rcc8 45. Bf1 Rce8 46. Bg2 Nd8
47. Rf1 Rg8 48. Rxg8 Rxg8 49. Rf3 Bf2 50. Nh3 Nc6 51. b4 Ba7
52. Ng5 Nxe5 53. Rxg3 Nc4+ 54. Ke2 Bb8 55. Kf3 f6 56. Rh3 fxg5
57. Rh7+ Kf6 58. fxg5+ Rxg5 59. Rxb7 Be5 60. b5 Nxa5 61. Ra7
Rg3+ 62. Kf2 Rxc3 63. Rxa6 Nc4 64. Bxd5 Nd6 65. Bc6 Rb3
66. Ra5 Bd4+ 67. Kg2 e5 68. Ra6 Rb2+ 69. Kf3 Kg5 70. Ra5 Rb3+
71. Ke2 Kf4 72. Ra8 Re3+ 73. Kd1 Rh3 74. Bd7 Rh2 75. Ra3 Be3
76. Rb3 Rd2+ 77. Ke1 Nc4 78. Rb4 Rd4 79. b6 Bd2+ 80. Ke2 Bxb4
0-1

[Event "Athens Acropolis WGM"]
[Site "President Hotel, Athens"]
[Date "2005.03.13"]
[EventDate "2005.03.06"]
[Round "8.8"]
[Result "1/2-1/2"]
[White "Jovanka Houska"]
[Black "Sophie Milliet"]
[WhiteElo "2325"]
[BlackElo "2309"]
[PlyCount "143"]

1. e4 c5 2. Nf3 Nc6 3. Bb5 d6 4. O-O Bd7 5. Re1 a6 6. Bf1 Bg4
7. c3 Nf6 8. d3 e6 9. Be3 Be7 10. Nbd2 O-O 11. a4 Qc7 12. Be2
d5 13. Bg5 Rac8 14. Qc2 Bh5 15. Nf1 h6 16. Bh4 Bg6 17. Bg3 Bd6
18. Bxd6 Qxd6 19. Ng3 Qc7 20. Bf1 b6 21. Qe2 Qb7 22. Nh4 Bh7
23. Nh5 Qe7 24. Nxf6+ Qxf6 25. Nf3 Rfd8 26. exd5 exd5 27. d4
c4 28. Ne5 Na5 29. g3 Bf5 30. Bg2 Nb3 31. Rad1 Qe6 32. g4 Bh7
33. f4 Qe8 34. f5 Rd6 35. h3 Rcd8 36. Qc2 Qxa4 37. Re3 f6
38. Nf3 Nc5 39. Qe2 Nd3 40. b3 Qb5 41. bxc4 dxc4 42. Nd2 Kf8
43. Rb1 Qa4 44. Nxc4 Qxc4 45. Rxd3 Re8 46. Qd2 Bg8 47. Re3
Red8 48. Rbe1 b5 49. Re7 b4 50. Qe3 Bf7 51. cxb4 Rxd4 52. Rc1
Rd1+ 53. Rxd1 Rxd1+ 54. Kh2 Qxb4 55. Rxf7+ Kxf7 56. Qe6+ Kf8
57. Qc8+ Ke7 58. Qe6+ Kd8 59. Qg8+ Kc7 60. Qxg7+ Rd7 61. Qxh6
Qd6+ 62. Kh1 Qd1+ 63. Kh2 Qd6+ 64. Kh1 Qd2 65. Qxd2 Rxd2
66. h4 a5 67. g5 fxg5 68. hxg5 a4 69. g6 a3 70. g7 a2 71. g8=Q
a1=Q+ 72. Kh2 1/2-1/2

[Event "French League Top 16"]
[Site "Port Barcares FRA"]
[Date "2005.05.05"]
[EventDate "2005.05.04"]
[Round "9"]
[Result "1-0"]
[White "Robert Fontaine"]
[Black "Sophie Milliet"]
[WhiteElo "2539"]
[BlackElo "2319"]
[PlyCount "49"]

1. e4 e5 2. Nf3 Nf6 3. Nxe5 d6 4. Nc4 Nxe4 5. d4 d5 6. Ne3 Qf6
7. Bb5+ c6 8. Qe2 Be6 9. Nxd5 Bxd5 10. Bd3 Qxd4 11. O-O b5
12. Nc3 f5 13. Bf4 Kf7 14. Bxe4 fxe4 15. Rad1 Qf6 16. Nxd5
cxd5 17. Qh5+ Kg8 18. Qxd5+ Qf7 19. Qxa8 Qxf4 20. Rd8 Na6
21. Rfd1 Nc7 22. Qc8 e3 23. Rxf8+ Qxf8 24. Rd8 exf2+ 25. Kf1
1-0

[Event "6th European Individual Women's Championship"]
[Site "Chisinau MDA"]
[Date "2005.06.20"]
[EventDate "2005.06.11"]
[Round "9"]
[Result "1-0"]
[White "Daria Charochkina"]
[Black "Sophie Milliet"]
[WhiteElo "2183"]
[BlackElo "2319"]
[PlyCount "81"]

1. e4 c5 2. Nf3 Nc6 3. d4 cxd4 4. Nxd4 Qb6 5. Nb3 Nf6 6. Nc3
e6 7. a3 a6 8. Be3 Qc7 9. Be2 b5 10. O-O Be7 11. f4 d6 12. Kh1
Bb7 13. Bf3 O-O 14. Qe2 Rac8 15. Qf2 Rfe8 16. Rfd1 Bf8 17. Bb6
Qb8 18. a4 b4 19. Ne2 d5 20. exd5 exd5 21. Bxd5 Nxd5 22. Rxd5
Ne7 23. Rd2 Nd5 24. Bd4 Bd6 25. Rf1 Rxe2 26. Qxe2 Nxf4 27. Qg4
g6 28. Qg5 Nxg2 29. Rxg2 Rxc2 30. Rff2 Rxf2 31. Bxf2 Bxh2
32. Bd4 f5 33. Qe7 Bxg2+ 34. Kxg2 Qg3+ 35. Kh1 Qf3+ 36. Kxh2
Qf4+ 37. Kg2 Qg4+ 38. Kf2 Qf4+ 39. Ke2 Qg4+ 40. Kd3 Qd1+
41. Nd2 1-0

[Event "15th European Team Championship (Women)"]
[Site "Gothenburg SWE"]
[Date "2005.07.30"]
[EventDate "2005.07.30"]
[Round "1"]
[Result "1/2-1/2"]
[White "Sophie Milliet"]
[Black "Salomeja Zaksaite"]
[WhiteElo "2321"]
[BlackElo "2237"]
[PlyCount "54"]

1. e4 c5 2. Nf3 e6 3. c3 Nf6 4. e5 Nd5 5. d4 cxd4 6. cxd4 d6
7. a3 Nc6 8. Bd3 Be7 9. O-O O-O 10. Qe2 f6 11. exf6 Bxf6
12. h4 Bxd4 13. Ng5 Nf6 14. Nxe6 Bxe6 15. Qxe6+ Kh8 16. Nd2
Qb6 17. Nf3 Rae8 18. Qh3 d5 19. Nxd4 Qxd4 20. Bf5 g6 21. Be3
Qxb2 22. Bd7 Nxd7 23. Qxd7 Rd8 24. Qg4 Qg7 25. Rad1 d4 26. Bc1
Ne5 27. Qg5 Nc4 1/2-1/2

[Event "15th European Team Championship (Women)"]
[Site "Gothenburg SWE"]
[Date "2005.07.31"]
[EventDate "2005.07.30"]
[Round "2"]
[Result "1/2-1/2"]
[White "Sophie Milliet"]
[Black "Bettina Trabert"]
[WhiteElo "2321"]
[BlackElo "2291"]
[PlyCount "103"]

1. e4 e5 2. Nf3 Nc6 3. Bb5 a6 4. Ba4 Nf6 5. O-O Be7 6. Re1 b5
7. Bb3 d6 8. c3 O-O 9. h3 Nb8 10. d4 Nbd7 11. Nbd2 Bb7 12. Bc2
Re8 13. Nf1 Bf8 14. Ng3 g6 15. a4 c5 16. d5 c4 17. Bg5 h6
18. Be3 Nc5 19. Qd2 h5 20. Bg5 Be7 21. Ra3 Nh7 22. Bh6 Qc7
23. Rea1 Bf6 24. Qe2 Rec8 25. Nd2 Qe7 26. axb5 axb5 27. b4
cxb3 28. Nxb3 Nxb3 29. Bxb3 Rxa3 30. Rxa3 Bg5 31. Bxg5 Qxg5
32. Ra7 Rxc3 33. Rxb7 Rxb3 34. Rxb5 Rxb5 35. Qxb5 Qe7 36. Nf1
Nf6 37. Nd2 Kg7 38. Qb4 h4 39. Qb6 Ne8 40. Nc4 Qg5 41. Qe3
Qxe3 42. Nxe3 Nf6 43. f3 Kf8 44. Kf2 Nh5 45. Ke2 Nf4+ 46. Kd2
Ke7 47. Kc3 Kd7 48. Kb4 Kc7 49. Kb5 Ne2 50. Ka6 Nf4 51. Ka7
Nd3 52. Ka6 1/2-1/2

[Event "15th European Team Championship (Women)"]
[Site "Gothenburg SWE"]
[Date "2005.08.04"]
[EventDate "2005.07.30"]
[Round "6"]
[Result "1/2-1/2"]
[White "Sophie Milliet"]
[Black "Petra Schuurman"]
[WhiteElo "2321"]
[BlackElo "2266"]
[PlyCount "38"]

1. e4 c6 2. d4 d5 3. e5 Bf5 4. Nf3 e6 5. a3 Nd7 6. Be2 Bg6
7. O-O Nh6 8. Bxh6 gxh6 9. Bd3 Bg7 10. b4 O-O 11. c3 a5
12. Bxg6 hxg6 13. Nbd2 b6 14. Qe2 Qe7 15. Rfb1 Ra7 16. Nb3
axb4 17. axb4 Rfa8 18. Qb2 c5 19. b5 Kh7 1/2-1/2